| 000 | 01635nab a2200253 i 4500 | ||
|---|---|---|---|
| 003 | BR-BrBNA | ||
| 005 | 20250318103216.0 | ||
| 008 | 250318b2015 bl.qr|pooa||| 00| 0 spa | | ||
| 040 |
_aBR-BrBNA _bspa |
||
| 072 | _aF70 | ||
| 100 | _aSalas, Roberto M. | ||
| 100 | _aSouza, Elnatan B. | ||
| 100 | _aCabral, Elsa Leonor | ||
| 245 | _aSobre la identidad de Spermacoce polygonifolia y Spermacoce perijaensis (Spermacoceae-Rubiaceae) | ||
| 500 | _aPublicação on-line; 15 ref.; Summaries (En, Es) | ||
| 520 | _a Resumen Dos nuevas combinaciones en especies de la tribu Spermacoceae para Sudamérica son aquí presentadas: Spermacoce polygonifolia se transfiere al género Mitracarpus y S. perijaensis a Tobagoa. Se elige lectotipo para Tobagoa maleolens y neotipo para Diodia ottonis. Palabras clave: lectotipificación, Mitracarpus, Spermacoceae, Tobagoa. Abstract We present two new combinations in species of the Spermacoceae tribe from South America: Spermacoce polygonifolia is transferred to genus Mitracarpus and S. perijaensis to Tobagoa. We propose a lectotype for Tobagoa maleolens and neotype for Diodia ottonis. Key words: lectotypification, Mitracarpus, Spermacoceae, Tobagoa. | ||
| 650 | _aRUBIACEAE | ||
| 650 | _aESPÉCIE | ||
| 650 | _aTAXONOMIA | ||
| 773 | 0 |
_0709 _9349058 _dRio de Janeiro-RJ Jardim Botanico do Rio de Janeiro 1935 _o2025-1576 _tRodriguésia (Brazil) _x0370-6583; 2175-7860 on-line _gv. 66(3) p. 919-922; (2015) _wBR2025000228 |
|
| 856 | _uhttps://www.scielo.br/j/rod/a/JWC9xmrZW4wVbFXbwcYywfy/?format=pdf&lang=es | ||
| 942 | _cANA | ||
| 999 |
_c330481 _d330481 |
||